Quizzes
Events
Quiz Creation
Community
Videos
Private Events
Remove Ads
Sign In
Join for FREE
Feedback
Dark Mode
Quiz Categories
Sports
Geography
Music
Movies
Television
Just For Fun
Miscellaneous
History
Literature
Language
Science
Gaming
Entertainment
Religion
Holiday
For Kids
Quiz Lab
Recent
Popular Today
Quiz Kudos Today
Editor Picks
Curator Picks
Quizzes by...
Day
Popularity
Type
Ratings
Length
Year
Community
Subscriptions
Recent Discussions
Orange Saloon
Badges
Playlists
Quests
Create
Leaderboards
Showdown
Live 5
Trivia Bingo
Activity
Puzzle Library
Sporcle Events
Private Events
Virtual Trivia
Globe League
Become a Host
Pub Owners
SporcleCon
Opinionation
Our Games
Videos
Blog
Mobile Apps
Partnerships
Remove Ads and Go Orange
Feedback
Sports
Athletes
MLB
NBA
NHL
NFL
Soccer
Sports Teams
WWE
NCAA
Football
Premier League
Basketball
Baseball
Hockey
Golf
Tennis
Cricket
Rugby
Auto Racing
Olympics
World Cup
Sports
Athletes
MLB
NBA
NHL
NFL
Soccer
Sports Teams
WWE
NCAA
Football
Premier League
Basketball
Baseball
Hockey
Golf
Tennis
Cricket
Rugby
Auto Racing
Olympics
World Cup
Random Quiz
Search Sporcle
×
Quiz Lab
Quiz Lab
Sports
Bowl
Type in answers that appear in a list
Type in answers that appear in a list
Classic
Best Score? Go Orange.
Super Bowl Losers Stats
Can you name the Super Bowl Losers?
By
Buckeyes2
3m
45 Questions
90 Plays
90 Plays
90 Plays
Comments
Comments
Give Quiz Kudos
Give Quiz Kudos
-
- Ratings
hide this ad
Replay
Link that replays current quiz
Next Quiz
Link to next quiz in quiz playlist
You Got
0%
They Got
Avg Score
96%
Avg Friend Score
Upgrade to see
Score Distribution
Jump to the score distribution portion of the page
Score
0/45
Timer
03:00
0
Plays Today
% Correct
Raiders
100%
Giants
100%
Raiders
100%
Colts
98.9%
Patriots
98.9%
Bills
98.9%
Bills
98.9%
Bills
98.9%
Bills
98.9%
Steelers
98.9%
Patriots
98.9%
Patriots
98.9%
Colts
98.9%
Steelers
98.9%
Cowboys
97.8%
Cowboys
97.8%
Cowboys
97.8%
Rams
97.8%
Packers
97.8%
Rams
97.8%
Bears
97.8%
Dolphins
96.7%
Dolphins
96.7%
% Correct
Dolphins
96.7%
Cardinals
96.7%
Chiefs
95.6%
Chargers
95.6%
Seahawks
95.6%
Vikings
94.4%
Vikings
94.4%
Vikings
94.4%
Vikings
94.4%
Broncos
94.4%
Broncos
94.4%
Broncos
94.4%
Broncos
94.4%
Falcons
94.4%
Titans
94.4%
Eagles
93.3%
Eagles
93.3%
Redskins
92.2%
Redskins
92.2%
Bengals
91.1%
Bengals
91.1%
Panthers
88.9%
Quiz Playlist
Details
Report
Send in Message
Add To Playlist
Classic:
Type in answers that appear in a list
Last Updated: Feb 16, 2017
Quiz Scoreboard
CHALLENGE
Sign Up to Join the Scoreboard
Show All
Scores
Hide
Comments
May contain spoilers
Recently Published
Presidents Visiting Landmarks
by Hejman
History
7m
An Introduction to Baseball
by treessimontrees
Sports
5m
Movies - When Are They Set?
by FPL_Elf
Movies
5m
More to Explore
Quiz From the Vault
Featured Blog Post
Where Did the Easter Bunny Come From?
hide this ad
You Might Also Like...
Tags
Bowl
Loser
Super Bowl
Today's Top Quizzes in Sports
Browse Sports
hide this ad
Today's Top Quizzes in Bowl
Browse Bowl
Top Contributed Quizzes in Sports
1
Les meilleurs buteurs des matchs entre le PSG et l’OM
2
2022 World Cup Stars
3
FIFA Club World Cup Champions
4
Les entraîneurs de l'OM et du PSG au 21e siècle
5
Name the Premier League winners with different clubs
6
La finale Lions - Afrique du Sud 2021
7
England Test cricketers to play under Nasser Hussain
8
5-to-1: UK Sports Teams
9
Les joueurs passés par le LOSC et le RC Lens
10
Criteria MLB: Left Handed Sluggers
Explore More
Trending Topics
Crossword
Marvel
Anime
Harry Potter
NBA
Kpop
Disney
Soccer
NFL
Pokémon
The Office
WWE
Puzzle
Country
Song
hide this ad
More By:
Buckeyes2
Quiz
Plays
Rating
Category
Featured
Created
Arnold Schwartzenegger Movies
202
Movies
Mar 29, 2011
Pro Sports Teams In Texas
140
1.33
Sports
Mar 31, 2011
NFL Quarterbacks That Played In 2010
95
1.80
Sports
Mar 30, 2011
Super Bowl Losers
90
1.50
Sports
Mar 28, 2011
Saturday Night Live Athlete Hosts
88
1.00
Sports
Mar 23, 2011
Go to Creator's Profile
Score Distribution
Quiz Creator Spotlight
Buckeyes2
Follow
Send a Message
Quizzes Created
-
Created Quiz Play Count
-
More By This Creator
Popular Quizzes Today
1
Find the US States - No Outlines Minefield
2
Find the Countries of Europe - No Outlines Minefield
3
The Countries of the World
4
Popular People in 1961
5
Find the US States
6
US States
7
Risky Map Clicking: Biggest States A-Z
8
1-10 Letter E Words III
More Sports Quizzes
Hank Aaron Memorial Quiz
Editor's Pick
Trending Quizzes
Risky Map Clicking: Least Populous States A-Z
1-10 Letter G Words
1-10 Letter F Words
One Thing in Common: United Kingdom
Risky Map Clicking: Next State Alphabetically
Recently Updated
Leaping Animals
pecheneg
Reality TV Shows (A-Z)
bhenderson79
Rickey Henderson's Hall of Fame Teammates
pecheneg
Champions League XIs: Arsenal
pecheneg
Quick Pick: Celebrities in WWE's Hall of Fame
aduchscher
A-Z Keypad Blitz II
pecheneg
Multiple Oscar Actors
pecheneg
Mystery Phrase Blitz: Oscar 'Best Actors'
pecheneg
F. Scott Fitzgerald Novels
LTH
Pick 3 Villains
ddd62291
Trending Topics
Kpop
Anime
NBA
Marvel
Crossword
Harry Potter
Disney
WWE
Soccer
The Office
Song
Puzzle
Country
Pokémon
NFL
Your Account Isn't Verified!
In order to create a playlist on Sporcle, you need to verify the email address you used during registration. Go to your
Sporcle Settings
to finish the process.
Report this User
Report this user for behavior that violates our
Community Guidelines
.
Details:
Send Report
Go to the Sporcle.com Mobile Site →
Comments